003220000a22001330004500060000800000082001800008100001700026245003600043260002500079260000900104300000800113490004600121650002100167 a100 a581.634 MED.1 aBajaj, Y.P.S aMedicinal and aromatic plants I aUSA, Springer-Verlag c1988 a550 aBiotechnology in agriculture and forestry aMedicinal plants